| 000 | 00738nam a22002177a 4500 | ||
|---|---|---|---|
| 005 | 20240229153602.0 | ||
| 010 | _aENG-139178 | ||
| 020 |
_a9789390951291 _c800.00 |
||
| 035 | _aEN-122710 | ||
| 037 | _adpl | ||
| 037 | _bDBAD/PUB | ||
| 082 | _a658.403 | ||
| 245 |
_aIndian Business@75: _bResearch on Trends and Prospects/ _cEdited by Meenakshi Khemka; Tarak nath Sahu and Sahana Ghosh |
||
| 260 |
_aNew Delhi _bAllied Publishers _c2022 |
||
| 270 |
_a1/13-14 Asaf Ali Road _bNew Delhi _e110002 |
||
| 300 |
_axv,383p. : _bIndex _c22cm(pbk) |
||
| 700 |
_aKhemka, Meenakshi _eEditor _962628 |
||
| 700 |
_aSahu, Tarak nath _eEditor _962629 |
||
| 700 |
_aGhosh, Sahana _eEditor _962630 |
||
| 942 |
_2ddc _cEN _h658.403 _mIND |
||
| 999 |
_c201157 _d201157 |
||